Online
Catalog

Teatro puertorriqueño : (Record no. 22622)

MARC details
000 -CABECERA
campo de control de longitud fija 00931nam a2200241 a 4500
001 - NÚMERO DE CONTROL
campo de control 000023125
005 - FECHA Y HORA DE LA ÚLTIMA TRANSACCIÓN
campo de control 20200930022014.0
008 - DATOS DE LONGITUD FIJA--INFORMACIÓN GENERAL
campo de control de longitud fija 101126s1965 pr 000 d spa d
040 ## - FUENTE DE LA CATALOGACIÓN
Centro catalogador/agencia de origen DO-SdBNP
Lengua de catalogación spa
Centro/agencia transcriptor BNPHU
082 ## - NÚMERO DE LA CLASIFICACIÓN DECIMAL DEWEY
Número de clasificación PR862.44
Número de documento/Ítem T253p7
049 ## - FONDOS LOCALES (OCLC)
Fondos de biblioteca BNGR
245 00 - MENCIÓN DE TÍTULO
Título Teatro puertorriqueño :
Resto del título séptimo festival.
260 ## - PUBLICACIÓN, DISTRIBUCIÓN, ETC.
Lugar de publicación, distribución, etc. San Juan, Puerto Rico :
Nombre del editor, distribuidor, etc. Instituto de Cultura Puertorriqueña,
Fecha de publicación, distribución, etc. 1965.
300 ## - DESCRIPCIÓN FÍSICA
Extensión 669 p. :
Otras características físicas il. ;
Dimensiones 22 cm.
505 0# - NOTA DE CONTENIDO CON FORMATO
Título Todos los ruiseñores cantan /
Mención de responsabilidad Luis Rechani Agrait. --
Título El apartamiento /
Mención de responsabilidad René Marqués. --
Título ...o casi el alma /
Mención de responsabilidad Luis Rafael Sánchez. --
Título Coctel de don Nadie --
Mención de responsabilidad Francisco Arriví.
650 #4 - PUNTO DE ACCESO ADICIONAL DE MATERIA--TÉRMINO DE MATERIA
Término de materia o nombre geográfico como elemento de entrada Teatro puertorriqueño
9 (RLIN) 4514
650 #4 - PUNTO DE ACCESO ADICIONAL DE MATERIA--TÉRMINO DE MATERIA
Término de materia o nombre geográfico como elemento de entrada Literatura puertorriqueña
Subdivisión cronológica SIGLO XX
9 (RLIN) 5311
700 1# - PUNTO DE ACCESO ADICIONAL--NOMBRE DE PERSONA
Nombre de persona Rechani Agrait, Luis
9 (RLIN) 47611
700 1# - PUNTO DE ACCESO ADICIONAL--NOMBRE DE PERSONA
Nombre de persona Marqués, René
9 (RLIN) 40481
700 1# - PUNTO DE ACCESO ADICIONAL--NOMBRE DE PERSONA
Nombre de persona Sánchez, Luis Rafael
9 (RLIN) 47612
700 1# - PUNTO DE ACCESO ADICIONAL--NOMBRE DE PERSONA
Nombre de persona Arrivi, Francisco
9 (RLIN) 38507
910 ## - DATOS DE OPCIÓN DEL USUARIO (OCLC)
Datos de opción del usuario WM
Holdings
Estado de retiro Estado de pérdida Restricciones de uso No para préstamo Código de colección Localización permanente Ubicación/localización actual Ubicación en estantería Fecha de adquisición Número de inventario Total de préstamos Signatura topográfica completa Código de barras Fecha visto por última vez Precio válido a partir de Tipo de ítem Koha
    Préstamo interno   Monografías: Libros y Folletos General General Depósito 26.11.2010 LF1   PR862.44 T253p7 23125-10 25.06.2020 25.06.2020 Préstamo interno

Powered by Koha